LEADER 01024nam a2200253 i 4500 001 000000157245 003 CaOOAMICUS 005 20090316000000.0 008 090316s1963 it u000 u ita u 013 $a134601 040 $aSeMil$bita 100 1 $aBonzagni, Aroldo.$0(OLS)http://semarc/name/61400 245 10$aFiori /$cAroldo Bonzagni ; con un testo di Roberto Longhi. 260 $aRocca San Casciano :$bCappelli,$cstampa 1963. 300 $a1 raccoglitore ( 4 p., 10 c. di tav. ) ;$c41 cm. 500 $aIn custodia. - Fondo Card. Giovanni Colombo. 600 14$aBonzagni, Aroldo <1887-1918>.$0(OLS)http://semarc/subject/30593 700 1 $aLonghi, Roberto,$d<1890-1970>.$0(OLS)http://semarc/name/5023 850 $aSeMil 852 $aSeMil$W1$xVenegono$y1$m5O XII 9$j108939$B108939$CSeMilBibl$Z2$F140258 $8I 941 1 $a3 961 $aLascito: Colombo Card. Giovanni 996 $6245$aFiori$9(OLS)http://semarc/title/230571 996 $6260$aRocca San Casciano :$bCappelli$9(OLS)http://semarc/publisher/32150 LEADER 00926nam a2200205 i 4500 001 000000180574 003 CaOOAMICUS 005 20090715000000.0 008 090715s1904 it u000 u fre u 013 $a158254 040 $aSeMil$bita 100 1 $aBonet-Maury, Gaston.$0(OLS)http://semarc/name/66817 245 14$aLes précurseurs de la Réforme et de la Liberté de Conscience dans les pays latines du 12. au 15. siècle /$cpar Gaston Bonet-Maury. 260 $aParis :$bLibrairie Fischbacher,$c1904. 300 $aVIII, 268 p. ;$c23 cm. 500 $aContiene : Appendice. 850 $aSeMil 852 $aSeMil$W1$xVenegono$y1$m3C IV 26$j131322$B131322$CSeMilBibl$Z2$F143184 $81 996 $6245$aLes précurseurs de la Réforme et de la Liberté de Conscience dans les pays latines du 12. au 15. siècle$9(OLS)http://semarc/title/259294 996 $6260$aParis :$bLibrairie Fischbacher$9(OLS)http://semarc/publisher/40250